MySQL quick guide : (Record no. 30525)
[ view plain ]
| 000 -LEADER | |
|---|---|
| fixed length control field | 01302nam a2200265 i 4500 |
| 003 - CONTROL NUMBER IDENTIFIER | |
| control field | CSPC |
| 005 - DATE AND TIME OF LATEST TRANSACTION | |
| control field | 20250918151828.0 |
| 008 - FIXED-LENGTH DATA ELEMENTS--GENERAL INFORMATION | |
| fixed length control field | 250917s2023 000 0 eng d |
| 020 ## - INTERNATIONAL STANDARD BOOK NUMBER | |
| International Standard Book Number | 9798862759228 |
| 040 ## - CATALOGING SOURCE | |
| Transcribing agency | CSPC |
| Original cataloging agency | CSPC |
| Language of cataloging | eng |
| Description conventions | rda |
| 050 #4 - LIBRARY OF CONGRESS CALL NUMBER | |
| Classification number | QA76.73.S67 |
| 082 04 - DEWEY DECIMAL CLASSIFICATION NUMBER | |
| Classification number | 005.74 |
| Item number | J132m |
| 100 1# - MAIN ENTRY--PERSONAL NAME | |
| Personal name | Jackson, Kevin, |
| Relator term | author. |
| 245 10 - TITLE STATEMENT | |
| Title | MySQL quick guide : |
| Remainder of title | comprehensive guide to MYSQL database, integration and beyond / |
| Statement of responsibility, etc. | Kevin Jackson. |
| 264 #1 - PRODUCTION, PUBLICATION, DISTRIBUTION, MANUFACTURE, AND COPYRIGHT NOTICE | |
| Place of production, publication, distribution, manufacture | [Place of Publication not identified] : |
| Name of producer, publisher, distributor, manufacturer | [Name of Publisher not identified], |
| Date of production, publication, distribution, manufacture, or copyright notice | 2023. |
| 300 ## - PHYSICAL DESCRIPTION | |
| Extent | 162 pages ; |
| Dimensions | 23 cm. |
| 336 ## - CONTENT TYPE | |
| Source | rdacontent |
| Content type term | text |
| 337 ## - MEDIA TYPE | |
| Source | rdamedia |
| Media type term | unmediated |
| 338 ## - CARRIER TYPE | |
| Source | rdacarrier |
| Carrier type term | volume |
| 505 0# - FORMATTED CONTENTS NOTE | |
| Formatted contents note | Introduction to MySQL -- Installing MySQL -- MySQL basics -- MySQL data types -- SQL queries -- MySQL indexing and optimization -- Security in MySQL -- Advanced MySQL features -- MySQL and programming languages -- High availability and scalability with MySQL -- Troubleshooting and maintenance in MySQL -- Case studies and best practices MySQL. |
| 650 #0 - SUBJECT ADDED ENTRY--TOPICAL TERM | |
| Topical term or geographic name entry element | MySQL (Computer program language). |
| 650 #0 - SUBJECT ADDED ENTRY--TOPICAL TERM | |
| Topical term or geographic name entry element | Database management. |
| 942 ## - ADDED ENTRY ELEMENTS (KOHA) | |
| Source of classification or shelving scheme | Dewey Decimal Classification |
| Suppress in OPAC | No |
| Koha item type | Books |
| Item part | J132m |
| Classification part | 005.74 |
| Call number prefix | GRD |
| Call number suffix | 2023 |
| Withdrawn status | Lost status | Source of classification or shelving scheme | Damaged status | Not for loan | Home library | Current library | Shelving location | Date acquired | Total Checkouts | Full call number | Barcode | Date last seen | Copy number | Price effective from | Koha item type |
|---|---|---|---|---|---|---|---|---|---|---|---|---|---|---|---|
| Dewey Decimal Classification | Main Library | Main Library | Graduate School Library | 09/17/2025 | GRD 005.74 J132m 2023 | 030261 | 09/17/2025 | 1-2 | 09/17/2025 | Books | |||||
| Dewey Decimal Classification | Main Library | Main Library | Graduate School Library | 09/17/2025 | GRD 005.74 J132m 2023 | 030262 | 09/17/2025 | 2-2 | 09/17/2025 | Books |